Wszystkie smaki dzików zero kofeiny - Statystyki

Ogólne statystyki
  • Ten quiz został rozwiązany 4 razy
  • Średni wynik to 5 z 7
Statystyki odpowiedzi
DZIK SMAK % Poprawnych
1 Ananas / Pineapple
100%
2 Mojito
100%
6 Kwaśna Malina/Sour Raspberry
75%
5 Kwaśne Jabłko/Sour Apple
75%
4 Winogrono/Grape
75%
7 Wiśnia/Cherry
50%
3 Cytryna/Lemon
25%
Nie znaleziono quizów pasujących do podanych kryteriów
Rozkład punktacji
Procent ludzi z każdym wynikiem
Percentyl według liczby udzielonych odpowiedzi
Twoja historia wyników
Nie rozwiązałeś tego quizu